00459nam a2200157Ia 4500999001700000003000400017005001700021008004100038040001800079082001800097100002900115245006000144260004600204300000900250942004200259 c18551d18551OSt20200606120058.0190216s9999||||xx |||||||||||||| ||und|| cMESKC library a891.43bMAL/Y aMalhotra, Sudarshan9367 0aYashpal Ke Upanyason Ka Mulyankan /cSudarshan Malhotra bAdarsh Sahithya Prakshan, aDelhi;c1973. a216p cBK2ddch891.43iMAL/Yk891.43mMAL/Y